000 00889nam a22003017a 4500
001 240003
003 DO-SdBNP
005 20180206130522.0
007 240003
008 160314b 1990 sp xxu||||| |||| 00| 0 spa d
010 _a00260
020 _a8427931204
040 _aBPMSU
_bspa
_cBPMSU
092 _aXXXX
_bXXXX
100 1 _aKurtz, Carmen,
_d1911-1999.
245 _aVeva /
_cCarmen Kurtz ; ilustraciones de Odile Kurz.
250 _a12ª ed.
260 _aBarcelona :
_bNoguer,
_c1980.
300 _a116 p. :
_bil. ;
_c20 cm.
490 1 _aQuatro vientos
_v19
500 _aIncluye datos biográficos de la autora.
585 _3Premio C. C. E. I. (Comisión Católica Española para la Infancia)
700 1 2 _aKurz, Odile,
_eil.
830 0 _aQuatro vientos ;
_n19
942 _2ddc
_cBK
945 _aInventariado, 2018 / BT
956 _2LOPEREZ
_310
_6BPMSU
_800260
999 _c9218
_d9218